<?xml version="1.0" encoding="UTF-8"?>
<marc:record xmlns:marc="http://www.loc.gov/MARC21/slim">
   <marc:leader>00000nam a2200000 a 4500</marc:leader>
   <marc:datafield ind1="1" ind2=" " tag="100">
      <marc:subfield code="a">Döbele, Matze</marc:subfield>
      <marc:subfield code="4">aut</marc:subfield>
      <marc:subfield code="e">Verfasser/-in</marc:subfield>
   </marc:datafield>
   <marc:datafield ind1=" " ind2=" " tag="653">
      <marc:subfield code="a">Junge</marc:subfield>
   </marc:datafield>
   <marc:datafield ind1=" " ind2=" " tag="653">
      <marc:subfield code="a">Schatten</marc:subfield>
   </marc:datafield>
   <marc:datafield ind1=" " ind2=" " tag="653">
      <marc:subfield code="a">Softcover / Kinder- und Jugendbücher/Erzählerische Bilderbücher</marc:subfield>
   </marc:datafield>
   <marc:datafield ind1=" " ind2=" " tag="653">
      <marc:subfield code="a">Bilderbuch</marc:subfield>
   </marc:datafield>
   <marc:datafield ind1=" " ind2=" " tag="653">
      <marc:subfield code="a">Erzählerische Bilderbücher</marc:subfield>
   </marc:datafield>
   <marc:datafield ind1="0" ind2="0" tag="245">
      <marc:subfield code="a">Konrads Schatten</marc:subfield>
   </marc:datafield>
   <marc:datafield ind1="0" ind2="0" tag="245">
      <marc:subfield code="c">Matze Doebele</marc:subfield>
   </marc:datafield>
   <marc:datafield ind1=" " ind2="1" tag="264">
      <marc:subfield code="a">Mannheim</marc:subfield>
      <marc:subfield code="b">Kunstanstifter-Verl.</marc:subfield>
      <marc:subfield code="c">2014</marc:subfield>
   </marc:datafield>
   <marc:datafield ind1=" " ind2=" " tag="250">
      <marc:subfield code="a">1. Aufl.</marc:subfield>
   </marc:datafield>
   <marc:datafield ind1="1" ind2=" " tag="520">
      <marc:subfield code="a">Angaben aus der Verlagsmeldung

Konrads Schatten / von Matze Doebele

Eine Geschichte über den Umgang mit dem eigenen Schattendasein.
Dies ist die Geschichte von Konrad, einem 8-jährigen Jungen, der ständig
verdächtigt wird, etwas ausgefressen zu haben. Völlig zu Unrecht, wie er immer
wieder versichert, denn er ist es nicht, der den ganzen Unfug anstellt – es
ist sein Schatten ... Davon hat Konrad die Nase voll! Er will seinen Schatten
loswerden - das ist allerdings gar nicht so einfach ... Durch Zufall entdeckt
Konrad, dass er den Schatten mit Taschenlampen verscheuchen kann. Jetzt hat
er endlich Ruhe: Der Schatten ist tatsächlich verschwunden! Eines Tages gerät
Konrad jedoch in eine brenzlige Situation, in der ihm sein Schatten unverhoff t
zu Hilfe kommt. Konrad erkennt, dass sein Schatten zu ihm gehört und dass
er ihn manchmal sogar sehr gut gebrauchen kann!
</marc:subfield>
   </marc:datafield>
   <marc:datafield ind1=" " ind2=" " tag="020">
      <marc:subfield code="a">9783942795234</marc:subfield>
      <marc:subfield code="9">9783942795234</marc:subfield>
   </marc:datafield>
   <marc:datafield ind1=" " ind2=" " tag="041">
      <marc:subfield code="a">ger</marc:subfield>
   </marc:datafield>
   <marc:datafield ind1=" " ind2=" " tag="300">
      <marc:subfield code="a">ca. 40] S.</marc:subfield>
   </marc:datafield>
</marc:record>
